• 首页
  • 本馆介绍
  • 公告通知
  • 最新文献
  • 馆藏检索
  • 电子资源
  • 读者导购
  • 参考咨询
  • 我的图书馆
  • 登录
  • 详细信息显示
  • 放入我的书架
  • 预约/预借图书
  • 作者相关作品
  • 分类相关作品
  • 丛书相关作品
  • 出版社相关作品

书目信息

  • 表格格式
  • 工作单格式
  • 卡片格式
题名:
经络穴位一日一学
    
 
作者: 秦丽娜 主编
分册:  
出版信息: 南京   江苏凤凰科学技术出版社  2017.01
页数: 213页
开本: 23cm
丛书名: 健康爱家系列
单 册:
中图分类: R224.1 , R224.4
科图分类:
主题词: 经络--jing luo--基本知识 , 穴位--xue wei--基本知识
电子资源:
ISBN: 978-7-5537-7369-8
000 01071nam 2200301 450
001 CAL 008330917
005 20171211152636.53
010    @a978-7-5537-7369-8@b@dCNY39.80
100    @a20170313d2017 em y0chiy50 ea
101 0  @achi
102    @aCN@b320000
105    @aa z 000yy
106    @ar
200 1  @a经络穴位一日一学@Ajing luo xue wei yi ri yi xue@f秦丽娜主编@g
210    @a南京@c江苏凤凰科学技术出版社@d2017.01
215    @a213页@c彩图@d23cm
225 2  @a健康爱家系列@Ajian kang ai jia xi lie
314    @a秦丽娜, 北京中医药大学第三附属医院康复科主任。
330    @a本书收录了十二经脉、任督二脉、经外奇穴中精选的365个穴位, 以一天一个穴位的形式介绍每个穴位的位置、功效以及使用方法。从季节的五行属性出发, 介绍了每个季节适宜保养的脏腑和适宜按摩的经络。
410  0 @12001 @a健康爱家系列
606 0  @a经络@Ajing luo@x基本知识
606 0  @a穴位@Axue wei@x基本知识
690    @aR224.1@v5
690    @aR224.4@v5
701  0 @a秦丽娜@Aqin li na@4主编
801  0 @aCN@b人天书店@c20170313@g
905    @aBZT@dR224.1@e8
906    @dCNY39.80@n3@r1
    
    经络穴位一日一学/秦丽娜主编.-南京:江苏凤凰科学技术出版社,2017.01
    213页:彩图;23cm.-(健康爱家系列)
    
    
    ISBN 978-7-5537-7369-8:CNY39.80
    本书收录了十二经脉、任督二脉、经外奇穴中精选的365个穴位, 以一天一个穴位的形式介绍每个穴位的位置、功效以及使用方法。从季节的五行属性出发, 介绍了每个季节适宜保养的脏腑和适宜按摩的经络。
●
相关链接 在五车中查询图书 在当当中查询图书 在豆瓣中查询图书


正题名:经络穴位一日一学     索取号:R224.1/8         预约/预借

序号 登录号 条形码 馆藏地/架位号 状态 备注
1 836857   2000836857   第二书库/ [索取号:R224.1/8] 在馆    
2 836858   2000836858   第二书库/ [索取号:R224.1/8] 在馆    
3 836859   2000836859   第二书库/ [索取号:R224.1/8] 在馆    
山东省滨州职业学院图书馆 欢迎您!
大连网信软件有限公司© 版权所有